| 000 | 01133cab a2200361 4500 | ||
|---|---|---|---|
| 001 | ABS50070 | ||
| 008 | 090401t1994 xxu||||| |||| 00| 0 eng d | ||
| 035 | _a(Sirsi) u73989 | ||
| 041 | _aeng | ||
| 100 | _aHarding, C | ||
| 245 | _aTime for architects to relinquish their leadership | ||
| 260 | _c1994 | ||
| 350 | _a0 | ||
| 490 |
_aBuilding _v259(7830) 11 Februaru 1994, 34(1) |
||
| 520 | _aSuggests that the rise of professional builders capable off dealing directly with the client and thus cutting out the architect or quantity surveyor as project manager is the jolt that architects need. | ||
| 650 | _aARCHITECTS | ||
| 650 | _aBUILDERS | ||
| 650 | _aBUILT ENVIRONMENT-BUILDING CONTRACT FORMS | ||
| 650 | _aCLIENTS | ||
| 650 | _aCONTRACTORS | ||
| 650 | _aDESIGN AND MANAGE | ||
| 650 | _aLATHAM M. | ||
| 650 | _aPROFESSIONS | ||
| 650 | _aMANAGEMENT-PROJECT MANAGEMENT | ||
| 650 | _aQUANTITY SURVEYORS | ||
| 650 | _aSUBCONTRACTORS | ||
| 650 | _aSUPERVISION | ||
| 650 | _aTRUST AND MONEY | ||
| 690 | _aBUILT ENVIRONMENT | ||
| 690 |
_aProject management _96261 |
||
| 942 | _n0 | ||
| 948 | _c04/03/1997 | ||
| 999 |
_c46701 _d46701 |
||